000 00263nam a2200085Ia 4500
245 0 _aHuman resources management in education
100 _a STEYN, G M. Pretoria, South Africa, 2012 3rd ed
_942148
942 _cBK
008 210817s9999 xx 000 0 und d
999 _c315779
_d315778